00969 2200277 4500001002100000005001500021035002000036007000300056008004100059082000800100084001700108100003700125245007900162250003200241300004400273650005400317520014000371264003600511336002100547337003000568338002300598020002200621990001600643990001600659990001600675INLIS00000000116377220240320123230 a0010-0324000028ta240320 g | ind  a306 aSR 306 SIR p0 aSiregar, Makruf Maryadiepenulis1 aPernak pernik kehidupan sosial Halak Paranpadang /cMakruf Maryadi Siregar aCetakan Pertama: Maret 2022 aviii, 149 halaman :bilustrasi ;c20 cm 4aParanpadang -- Kehidupan sosial dan adat istiadat aBuku ini adalah bagian kedua "Narittik Sahorong" dan merupakan gambaran nilai moral, yang dilakoni oleh masyarakat di Huta Paranpadang. aYogyakarta :bDeepublish,c2022 2rdacontentaTeks 2rdamediaaTanpa perantara 2rdacarrieraVolume a978-623-02-4420-9 a52684.65504 a52684.65504 a52684.65504